Kvalita života

Charakteristika kvality života ako takej, čo všetko na ňu vplýva a ovplyvňuje ju. Je vytvorených mnoho indikátorov, ktoré sa snažia odzrkadliť kvalitu života čo najlepšie, začlenením a prepojením rôznych oblasti a rôznych vedných disciplín. Zameranie na index HDI, čiže index ľudského rozvoja, a na j...

Full description

Saved in:
Bibliographic Details
Main Author: Mesaroš, Marko
Other Authors: Coroničová Hurajová, Jana, 1986-, Hajduová, Zuzana, 1974-
Format: Book Chapter
Language:Slovak
Subjects:
Tags: Add Tag
No Tags, Be the first to tag this record!

MARC

LEADER 00000naa$a2200000$$$4500
001 0261327
005 20240502074142.6
041 0 |a slo 
044 |a SK 
245 1 0 |a Kvalita života  |c Marko Mesaroš, Jana Coroničová Hurajová 
520 |a Charakteristika kvality života ako takej, čo všetko na ňu vplýva a ovplyvňuje ju. Je vytvorených mnoho indikátorov, ktoré sa snažia odzrkadliť kvalitu života čo najlepšie, začlenením a prepojením rôznych oblasti a rôznych vedných disciplín. Zameranie na index HDI, čiže index ľudského rozvoja, a na jeho základné indikátory. 
610 2 0 |a kvalita života 
610 2 0 |a zdravie 
610 2 0 |a rozvoj sociálny 
610 2 0 |a globalizácia 
100 1 |a Mesaroš, Marko 
700 1 |a Coroničová Hurajová, Jana, 1986- 
700 1 |a Hajduová, Zuzana, 1974-